Bikes on trains : a study of potential users /

Bibliographic Details
Main Author: Guthrie, N.
Corporate Authors: Transport Research Laboratory (Great Britain), Great Britain. Charging and Local Transport Division
Other Authors: Gardner, G.
Format: Book
Language:English
Published: Crowthorne, Berkshire : Transport Research Laboratory, 1999.
Series:TRL report ; no. 402.
Subjects:
Online Access:Available freely from Transport Research Laboratory (TRL) publications Repository

MARC

Tag First Indicator Second Indicator Subfields
LEADER 00000cam a2200000 a 4500
001 in00001515621
005 20231004151304.0
008 991019s1999 enkab b 000 0 eng d
035 |a (OCoLC)42665171 
035 |9 AJK7123AM 
040 |a TXA  |c TXA  |d UtOrBLW 
043 |a e-uk--- 
049 |a TXAM 
090 |a TA1057.A1  |b T755 no. 402 
100 1 |a Guthrie, N. 
245 1 0 |a Bikes on trains :  |b a study of potential users /  |c N. Guthrie and G. Gardner. 
264 1 |a Crowthorne, Berkshire :  |b Transport Research Laboratory,  |c 1999. 
300 |a iv, 18 pages :  |b illustrations, map ;  |c 30 cm. 
336 |a text  |b txt  |2 rdacontent 
337 |a unmediated  |b n  |2 rdamedia 
338 |a volume  |b nc  |2 rdacarrier 
490 1 |a TRL report,  |v 402 
500 |a "Prepared for Charging and Local Transport Division, Department of the Environment, Transport and the Regions." 
504 |a Includes bibliographical references (page 10). 
650 0 |a Bicycles and bicycling  |z Great Britain. 
650 0 |a Freight cars  |z Great Britain. 
650 0 |a Railroads  |x Commuting traffic. 
700 1 |a Gardner, G. 
710 2 |a Transport Research Laboratory (Great Britain) 
710 1 |a Great Britain.  |b Charging and Local Transport Division. 
830 0 |a TRL report ;  |v no. 402. 
856 4 1 |z Available freely from Transport Research Laboratory (TRL) publications Repository  |u https://www.trl.co.uk/publications/trl402  |t 0 
948 |a o:jls 
999 |a MARS 
999 f f |s ce396c55-1940-323a-8b03-6edb35460ad0  |i 6d406309-a426-388e-aa91-9a2dfbf98f6b  |t 0 
952 f f |p ric  |a Texas A&M University  |b Rellis Campus  |c Joint Library Facility  |d Remote Storage  |t 0  |e TA1057.A1 T755 no.402  |h Library of Congress classification  |i unmediated -- volume  |m A14825299053 
998 f f |a TA1057.A1 T755 no.402  |t 0  |l Remote Storage